[Event "Catalunya-chT Gp2"]
[Site "Barcelona"]
[Date "2024.01.20"]
[Round "1.6"]
[White "Martinez Ramirez, Erik"]
[Black "Alcala Gonzalez, Cesar"]
[Result "1/2-1/2"]
[WhiteElo "2241"]
[BlackElo "2247"]
[PlyCount "36"]
[EventDate "2024.01.20"]
[EventType "team-tourn"]
[EventRounds "7"]
[EventCountry "ESP"]
[SourceTitle "CB06_2024"]
[SourceDate "2024.02.07"]
[SourceVersion "1"]
[SourceVersionDate "2024.02.07"]
[SourceQuality "1"]
[WhiteTeam "Barbera"]
[BlackTeam "Barcelona Escacs CC"]
[WhiteTeamCountry "ESP"]
[BlackTeamCountry "ESP"]

1. e4 c6 2. d4 d5 3. Nd2 dxe4 4. Nxe4 Nf6 5. Nxf6+ exf6 6. c3 Bd6 7. Bd3 0-0 8. Qc2 Re8+ 9. Ne2 h5 10. Be3 Nd7 11. c4 Nf8 12. 0-0-0 Be6 13. Kb1 Rc8 14. Nc3 Bb4 15. Ne4 Be7 16. Nc3 Bb4 17. Ne4 Be7 18. Nc3 Bb4 1/2-1/2

[Event "ESP-chT CECLUB Div1"]
[Site "Linares"]
[Date "2023.08.25"]
[Round "6.5"]
[White "Martinez Ramirez, Erik"]
[Black "Rodriguez Ferreiros, Andres"]
[Result "1-0"]
[WhiteElo "2213"]
[BlackElo "2130"]
[PlyCount "71"]
[EventDate "2023.08.20"]
[EventType "team-tourn"]
[EventRounds "7"]
[EventCountry "ESP"]
[SourceTitle "CBM 215 Extra"]
[Source "ChessBase"]
[SourceDate "2023.09.30"]
[SourceVersion "1"]
[SourceVersionDate "2023.09.30"]
[SourceQuality "1"]
[WhiteTeam "Barbera"]
[BlackTeam "Sanxenxo Fontecarmoa"]
[WhiteTeamCountry "ESP"]
[BlackTeamCountry "ESP"]

1. e4 e6 2. d4 d5 3. Nd2 c5 4. Ngf3 cxd4 5. exd5 Qxd5 6. Bc4 Qd7 7. 0-0 Nc6 8. Nb3 Nf6 9. Qe2 a6 10. a4 Bd6 11. Rd1 e5 12. Nbxd4 Nxd4 13. Rxd4 Qe7 14. Rxd6 Qxd6 15. b3 e4 16. Ba3 Qf4 17. Rd1 Bd7 18. Bd6 Qf5 19. Nd4 Qh5 20. Qd2 Rd8 21. Re1 b5 22. Bd3 Qd5 23. Qb4 Be6 24. Bxb5+ axb5 25. Nxb5 Qc6 26. c4 e3 27. f3 h5 28. a5 h4 29. Rxe3 Rh5 30. Nc7+ Kd7 31. Rd3 Kc8 32. Nxe6 fxe6 33. Qb8+ Kd7 34. Bc7+ Ke7 35. Bxd8+ Kf7 36. Qc7+ 1-0

[Event "Catalunya-chT Gp2"]
[Site "Barcelona"]
[Date "2022.03.12"]
[Round "8.10"]
[White "Bernado Lopez, Roger"]
[Black "Martinez Ramirez, Erik"]
[Result "1/2-1/2"]
[WhiteElo "2145"]
[BlackElo "2183"]
[PlyCount "97"]
[EventDate "2022.01.22"]
[EventType "team-tourn"]
[EventRounds "9"]
[EventCountry "ESP"]
[SourceTitle "CBM 208 Extra"]
[Source "ChessBase"]
[SourceDate "2022.07.31"]
[SourceVersion "1"]
[SourceVersionDate "2022.07.31"]
[SourceQuality "1"]
[WhiteTeam "Colon Sabadell"]
[BlackTeam "Barbera"]
[WhiteTeamCountry "ESP"]
[BlackTeamCountry "ESP"]

1. Nf3 g6 2. c4 Bg7 3. e4 c5 4. d4 cxd4 5. Nxd4 Nc6 6. Be3 Nf6 7. Nc3 d6 8. Be2 0-0 9. 0-0 Bd7 10. h3 Nxd4 11. Bxd4 Bc6 12. Qc2 a5 13. Rad1 Nd7 14. Bxg7 Kxg7 15. b3 Qb6 16. Kh1 Nc5 17. Rb1 f5 18. Nd5 Qd8 19. exf5 gxf5 20. Rbd1 e5 21. f4 Ne4 22. Kg1 Qh4 23. Nc7 Ng3 24. Nxa8 Nxf1 25. Bxf1 Rxa8 26. fxe5 dxe5 27. Qxf5 e4 28. Be2 Rf8 29. Qg4+ Qxg4 30. Bxg4 e3 31. Re1 Re8 32. Bf3 Kf6 33. Bxc6 bxc6 34. g4 Kg5 35. Rf1 Kh4 36. Kg2 e2 37. Re1 Re3 38. Kf2 Rxh3 39. Kxe2 Kxg4 40. Kd2 Rh2+ 41. Kd3 Rxa2 42. Re6 Ra3 43. Kc2 a4 44. bxa4 h5 45. Rxc6 h4 46. Rh6 h3 47. c5 h2 48. c6 Rxa4 49. c7 1/2-1/2

[Event "Catalunya-chT Gp2"]
[Site "Barcelona"]
[Date "2022.02.05"]
[Round "3.9"]
[White "Flores Mendoza, Jose Antonio"]
[Black "Martinez Ramirez, Erik"]
[Result "1-0"]
[WhiteElo "1973"]
[BlackElo "2183"]
[PlyCount "103"]
[EventDate "2022.01.22"]
[EventType "team-tourn"]
[EventRounds "9"]
[EventCountry "ESP"]
[SourceTitle "CBM 206 Extra"]
[Source "ChessBase"]
[SourceDate "2022.03.31"]
[SourceVersion "1"]
[SourceVersionDate "2022.03.31"]
[SourceQuality "1"]
[WhiteTeam "Platja D'Aro"]
[BlackTeam "Barbera"]
[WhiteTeamCountry "ESP"]
[BlackTeamCountry "ESP"]

1. d4 Nf6 2. c4 g6 3. Nc3 d5 4. cxd5 Nxd5 5. e4 Nxc3 6. bxc3 Bg7 7. Bc4 c5 8. Ne2 0-0 9. 0-0 Nc6 10. Be3 b6 11. dxc5 Qc7 12. cxb6 axb6 13. Rb1 Ne5 14. Bd5 Ra6 15. f3 Rd8 16. Qc2 Bb7 17. Bxb7 Qxb7 18. Rfd1 Rda8 19. Qb3 Qc6 20. Bxb6 Nc4 21. Bf2 Rxa2 22. Nd4 Qc8 23. Qb7 Bf6 24. Nc6 Qe6 25. Nb4 R2a5 26. Nd5 Nd6 27. Qc7 Nb5 28. Nxf6+ exf6 29. Rd8+ Kg7 30. Rxa8 Qa2 31. Rg8+ Kxg8 32. Qb8+ Kg7 33. Rxb5 Qc2 34. Rb1 Ra2 35. Rf1 Qxc3 36. Qb6 Rd2 37. Be1 Qd4+ 38. Qxd4 Rxd4 39. Bc3 Rd3 40. Rc1 g5 41. Kf2 Kg6 42. g4 Rd6 43. Ke2 Ra6 44. Rb1 h5 45. h3 h4 46. Rb3 Rc6 47. Kd3 Rd6+ 48. Bd4 Ra6 49. Rb6 Ra3+ 50. Bc3 Ra2 51. Rxf6+ Kh7 52. Rxf7+ 1-0

[Event "Barbera del Valles op 43rd"]
[Site "Barbera del Valles"]
[Date "2021.11.21"]
[Round "1"]
[White "Martinez Ramirez, Erik"]
[Black "Uber Gracia, Hugo"]
[Result "1-0"]
[WhiteElo "2238"]
[BlackElo "1905"]
[PlyCount "87"]
[EventDate "2021.11.21"]
[EventType "swiss"]
[EventRounds "9"]
[EventCountry "ESP"]
[SourceTitle "EXT 2023"]
[Source "ChessBase"]
[SourceDate "2022.10.05"]
[SourceVersion "1"]
[SourceVersionDate "2022.10.05"]
[SourceQuality "1"]

1. e4 c6 2. Nf3 d5 3. d3 dxe4 4. dxe4 Qxd1+ 5. Kxd1 Bg4 6. Be2 Nd7 7. Ne1 Bxe2+ 8. Kxe2 0-0-0 9. Nd3 e5 10. Be3 Kb8 11. a4 Bd6 12. Nd2 Ne7 13. f3 f6 14. b4 Bc7 15. c4 a6 16. Rhb1 Ka8 17. a5 Bb8 18. b5 Ba7 19. Bb6 Rde8 20. bxa6 bxa6 21. c5 Nf8 22. Nb4 Ne6 23. Nxa6 Nd4+ 24. Kd3 Nb5 25. Nc4 Nc8 26. Nb4 Nd4 27. Nd6 Nxd6 28. cxd6 Re6 29. d7 Rd6 30. d8Q+ Rhxd8 31. Bxd8 Rxd8 32. Kc4 Rd7 33. Rd1 Rb7 34. Rab1 Bb8 35. Na6 Rxb1 36. Rxb1 Bd6 37. Nc5 Nb5 38. Rxb5 cxb5+ 39. Kxb5 g6 40. Nd7 f5 41. Kb6 fxe4 42. fxe4 g5 43. g4 h6 44. a6 1-0

[Event "ESP-chT CECLUB Div1"]
[Site "Linares"]
[Date "2021.09.12"]
[Round "5.1"]
[White "Jimenez Ruano, Adrian"]
[Black "Martinez Ramirez, Erik"]
[Result "1-0"]
[WhiteElo "2240"]
[BlackElo "2238"]
[PlyCount "131"]
[EventDate "2021.09.08"]
[EventType "team-tourn"]
[EventRounds "7"]
[EventCountry "ESP"]
[SourceTitle "CBM 204 Extra"]
[Source "ChessBase"]
[SourceDate "2021.11.30"]
[SourceVersion "1"]
[SourceVersionDate "2021.11.30"]
[SourceQuality "1"]
[WhiteTeam "Barcelona CE"]
[BlackTeam "Barbera"]
[WhiteTeamCountry "ESP"]
[BlackTeamCountry "ESP"]

1. d4 d5 2. c4 e6 3. Nc3 Nf6 4. Nf3 Be7 5. Bf4 0-0 6. h3 b6 7. e3 Bb7 8. Bd3 c5 9. dxc5 Bxc5 10. 0-0 h6 11. Qe2 Qe7 12. Rac1 Rd8 13. a3 Nbd7 14. Bh2 Rac8 15. cxd5 Nxd5 16. Ne4 N7f6 17. Nxc5 Rxc5 18. e4 Nc7 19. b4 Rxc1 20. Rxc1 Nce8 21. Bf4 Nd7 22. e5 a5 23. Be4 Nf8 24. Bxb7 Qxb7 25. Bd2 axb4 26. Bxb4 Nc7 27. Be7 Ra8 28. Qc4 Nd5 29. Bd6 Ng6 30. Qc6 Qa7 31. Nd4 Nge7 32. Qb5 Qa4 33. Qc4 Qxc4 34. Rxc4 Rc8 35. Rxc8+ Nxc8 36. Nc6 Nxd6 37. exd6 Nf6 38. Kf1 Kf8 39. a4 Ke8 40. Ne5 Nd7 41. Nc4 Kd8 42. Ke2 Kc8 43. Kd2 Kb7 44. Kc3 Kc6 45. f4 f6 46. Kd4 Nc5 47. Nb2 Kxd6 48. Kc4 Kc6 49. Kb4 e5 50. fxe5 fxe5 51. Kc4 Nxa4 52. Nd3 b5+ 53. Kb4 e4 54. Nf4 e3 55. Ne2 g5 56. Nd4+ Kd5 57. Nf3 Kc6 58. Nd4+ Kb6 59. Ne2 Nb2 60. Kc3 Nc4 61. Kd4 Ka5 62. Kc3 Ka4 63. g4 Ka3 64. Nd4 Ka2 65. Kd3 b4 66. Kxc4 1-0

[Event "ESP-chT CECLUB Div1"]
[Site "Linares"]
[Date "2020.10.07"]
[Round "5.5"]
[White "Martinez Ramirez, Erik"]
[Black "Vela Frago, Alberto"]
[Result "1-0"]
[WhiteElo "2231"]
[BlackElo "2071"]
[PlyCount "95"]
[EventDate "2020.10.03"]
[EventType "team-tourn"]
[EventRounds "7"]
[EventCountry "ESP"]
[SourceTitle "CBM 198 Extra"]
[Source "ChessBase"]
[SourceDate "2020.11.30"]
[SourceVersion "1"]
[SourceVersionDate "2020.11.30"]
[SourceQuality "1"]
[WhiteTeam "Barbera"]
[BlackTeam "Stadium Casablanca"]
[WhiteTeamCountry "ESP"]
[BlackTeamCountry "ESP"]

1. e4 e5 2. Nf3 Nc6 3. Bc4 Nf6 4. Ng5 d5 5. exd5 Na5 6. Bb5+ Bd7 7. Qe2 Be7 8. Bxd7+ Qxd7 9. Qxe5 Nxd5 10. Nc3 Nb4 11. 0-0 Nac6 12. Qe4 h6 13. a3 Nxc2 14. Nxf7 Rf8 15. Qxc2 Rxf7 16. Qg6 Qf5 17. Qxf5 Rxf5 18. d3 0-0-0 19. Rd1 Nd4 20. Rb1 Nb5 21. Kf1 Bxa3 22. Nxb5 Rxb5 23. Bxh6 gxh6 24. bxa3 Rxb1 25. Rxb1 Rxd3 26. Ke2 Rxa3 27. f4 b6 28. Rd1 b5 29. f5 Ra6 30. g4 Rd6 31. Ra1 a6 32. Kf3 b4 33. h4 b3 34. g5 hxg5 35. hxg5 Kd7 36. Re1 Rd3+ 37. Kg4 b2 38. g6 Re3 39. Rb1 Re2 40. Kf3 Re5 41. Kf4 Rb5 42. g7 Rb8 43. Rxb2 Rg8 44. f6 Ke6 45. Kg5 Kf7 46. Re2 Rb8 47. Re7+ Kg8 48. Kg6 1-0

[Event "ESP-chT CECLUB Div1"]
[Site "Linares"]
[Date "2020.10.05"]
[Round "3.5"]
[White "Martinez Ramirez, Erik"]
[Black "Travadon, Loic"]
[Result "0-1"]
[WhiteElo "2231"]
[BlackElo "2422"]
[PlyCount "98"]
[EventDate "2020.10.03"]
[EventType "team-tourn"]
[EventRounds "7"]
[EventCountry "ESP"]
[SourceTitle "CBM 198 Extra"]
[Source "ChessBase"]
[SourceDate "2020.11.30"]
[SourceVersion "1"]
[SourceVersionDate "2020.11.30"]
[SourceQuality "1"]
[WhiteTeam "Barbera"]
[BlackTeam "Sestao"]
[WhiteTeamCountry "ESP"]
[BlackTeamCountry "ESP"]

1. e4 c5 2. Nf3 Nc6 3. d4 cxd4 4. Nxd4 Nf6 5. Nc3 e5 6. Ndb5 d6 7. Bg5 a6 8. Na3 b5 9. Bxf6 gxf6 10. Nd5 f5 11. Bd3 Be6 12. 0-0 Bxd5 13. exd5 Ne7 14. Re1 Bg7 15. c3 0-0 16. Nc2 f4 17. a4 f5 18. axb5 e4 19. Bf1 axb5 20. Nb4 Rxa1 21. Qxa1 Ng6 22. g3 Ne5 23. Bg2 f3 24. Bh3 Qg5 25. Nc6 Nd3 26. Re3 Bh6 27. Qa7 Qh5 28. Bxf5 Rxf5 29. Ne7+ Kh8 30. Nxf5 Qxf5 31. Qd4+ Ne5 32. Qxe4 Qh5 33. Rd3 Bc1 34. b3 Ba3 35. h4 Bc5 36. Qf4 Bxf2+ 37. Kf1 Kg7 38. Rd4 Bxd4 39. cxd4 Ng4 40. Qxd6 Qf7 41. h5 h6 42. Qe6 Qxe6 43. dxe6 Kf6 44. d5 b4 45. Ke1 Ke7 46. Kf1 Nf6 47. Kf2 Nxd5 48. Kxf3 Kxe6 49. g4 Ke5 0-1

[Event "Catalunya-chT Gp2"]
[Site "Barcelona"]
[Date "2020.02.22"]
[Round "6.8"]
[White "Martinez Ramirez, Erik"]
[Black "Rofes Barcelo, Josep Maria"]
[Result "1-0"]
[WhiteElo "2229"]
[BlackElo "2080"]
[PlyCount "53"]
[EventDate "2020.01.18"]
[EventType "team-tourn"]
[EventRounds "7"]
[EventCountry "ESP"]
[SourceTitle "CBM 195 Extra"]
[Source "ChessBase"]
[SourceDate "2020.05.31"]
[SourceVersion "1"]
[SourceVersionDate "2020.05.31"]
[SourceQuality "1"]
[WhiteTeam "Barbera"]
[BlackTeam "Valls"]
[WhiteTeamCountry "ESP"]
[BlackTeamCountry "ESP"]

1. e4 e6 2. Nf3 d5 3. Nc3 Nf6 4. e5 Nfd7 5. d4 h6 6. h4 c5 7. dxc5 Nc6 8. Bf4 Nxc5 9. a3 a5 10. h5 Bd7 11. Rh3 a4 12. Rg3 Qa5 13. Qd2 Ne4 14. Nxe4 dxe4 15. 0-0-0 Qc7 16. Nd4 Nxd4 17. Qxd4 Bc6 18. Rc3 Be7 19. Bb5 Rd8 20. Bxc6+ bxc6 21. Qxe4 Rxd1+ 22. Kxd1 0-0 23. Qxc6 Qa7 24. Ke1 Qb8 25. b4 Bg5 26. Bxg5 Qxe5+ 27. Be3 1-0

[Event "Barbera del Valles op 39th"]
[Site "Barbera del Valles"]
[Date "2016.07.05"]
[Round "2"]
[White "Martinez Ramirez, Erik"]
[Black "Henriquez Villagra, Cristobal"]
[Result "0-1"]
[WhiteElo "2321"]
[BlackElo "2491"]
[PlyCount "52"]
[EventDate "2016.07.04"]
[EventType "swiss"]
[EventRounds "9"]
[EventCountry "ESP"]
[SourceTitle "EXT 2017"]
[Source "ChessBase"]
[SourceDate "2016.10.25"]
[SourceVersion "1"]
[SourceVersionDate "2016.10.25"]
[SourceQuality "1"]

1. e4 c5 2. Nf3 d6 3. d4 cxd4 4. Nxd4 Nf6 5. Nc3 Nc6 6. Bg5 Bd7 7. Qd2 Rc8 8. 0-0-0 Nxd4 9. Qxd4 Qa5 10. f4 h6 11. Bxf6 gxf6 12. Bc4 Qc5 13. Bd5 b5 14. e5 Qxd4 15. Rxd4 fxe5 16. fxe5 Bg7 17. Rf1 e6 18. Bb7 Rb8 19. Bf3 Bxe5 20. Rh4 Ke7 21. Bh5 f5 22. Ne2 Bf6 23. Rb4 Rhg8 24. g3 a5 25. Rb3 e5 26. Nc3 Be6 0-1